000
00335 a2200145 4500
001
229149
003
ES-MaBCM
005
20241119100440.0
008
241119b sp ||||| |||| 00| 0 spa d
040
_c
ES-MaBCM
243
_a
Los Pazos de Ulloa
245
_a
Los Pazos de Ulloa
260
_b
Edicións do Norte
942
_c
AREV
_2
udc
999
_c
229149
_d
229149